000 00307nam a22001217a 4500
008 171219b xxu||||| |||| 00| 0 eng d
041 _aeng
080 _a34
100 _a14
101 _aJUR
245 _aTHE ROAD FROM RUNNYMEDE MAGNA CARTA AND CONSTITUTIONALISM IN AMERICA
_cHOWARD,A.E
942 _2udc
_cBK
999 _c39153
_d39153